| 000 | 00000nam 2200000zi 4500 |
| 001 | 9.947523 |
| 003 | CaOODSP |
| 005 | 20250131153154 |
| 006 | m o d f |
| 007 | cr bn||||||||| |
| 008 | 250129e198107 onca ob f000 0 eng d |
| 040 | |aCaOODSP|beng|erda|cCaOODSP |
| 043 | |an-cn--- |
| 086 | 1 |aDR52-19/22-1981E-PDF |
| 100 | 1 |aGill, B. J., |eauthor. |
| 245 | 13|aAn occupational health evaluation for diisocyanates during aircraft spray painting at Canadian Forces Base Trenton / |cB.J. Gill. |
| 264 | 1|aDownsview, Ontario : |bDefence and Civil Institute of Environmental Medicine : |bDepartment of National Defence - Canada, |cJuly 1981. |
| 300 | |a1 online resource (iii, 15 pages) : |billustrations. |
| 336 | |atext|btxt|2rdacontent |
| 337 | |acomputer|bc|2rdamedia |
| 338 | |aonline resource|bcr|2rdacarrier |
| 490 | 1 |aDCIEM report ; |vno. 81-R-31 |
| 500 | |aDigitized edition from print [produced by Defence R&D Canada]. |
| 504 | |aIncludes bibliographical references (page 9). |
| 610 | 10|aCanada. |bCanadian Armed Forces |xEmployees|xHealth risk assessment. |
| 610 | 16|aCanada. |bForces armées canadiennes |xPersonnel|xRisques pour la santé|xÉvaluation. |
| 650 | 0|aHexamethylene diisocyanate|xHealth aspects|zCanada. |
| 650 | 0|aSpray painting|xHealth aspects|zCanada. |
| 650 | 0|aIndustrial hygiene|zCanada. |
| 650 | 0|aIndustrial safety|zCanada. |
| 650 | 6|aDiisocyanate d'hexaméthylène|xAspect sanitaire|zCanada. |
| 650 | 6|aPeinture au pistolet|xAspect sanitaire|zCanada. |
| 650 | 6|aHygiène industrielle|zCanada. |
| 650 | 6|aSécurité du travail|zCanada. |
| 710 | 2 |aDefence and Civil Institute of Environmental Medicine (Canada), |eissuing body. |
| 710 | 1 |aCanada. |bDepartment of National Defence, |eissuing body. |
| 830 | #0|aDCIEM report ;|vno. 81-R-31.|w(CaOODSP)9.941842 |
| 856 | 40|qPDF|s1.55 MB|uhttps://publications.gc.ca/collections/collection_2025/rddc-drdc/DR52-19-22-1981-eng.pdf |